00346nam a2200121Ia 450000500170000000800410001708200130005810000150007124500540008626000410014030000120018150000310019320250318043058.0240331s9999 xx 000 0 und d bKESa894 aKesavan, K 0aPuranach charpuk kathaippadalkalil aan penn uravu aThiruchibPuthumai Pathippagamc1987 a80 p ., aGender Related Story Book